[Event "Budapest FS09 GM"]
[Site "Budapest"]
[Date "1994.??.??"]
[Round "6"]
[White "Unzicker, Ferdinand"]
[Black "Loginov, Valery A"]
[Result "0-1"]
[WhiteElo "2275"]
[BlackElo "2610"]

1.d4 Nf6 2.c4 e6 3.Nf3 Bb4+ 4.Nc3 c5 5.g3 O-O 6.Bg2 cxd4 7.Nxd4 d5 8.Qb3 Bxc3+
9.bxc3 Nc6 10.cxd5 Na5 11.Qc2 Nxd5 12.Nb3 Bd7 13.O-O Rc8 14.Bd2 Nc4 15.Rfd1 Qf6
16.Be1 Bc6 17.e4 Ndb6 18.Qe2 e5 19.Bh3 Rc7 20.Nc5 Nd6 21.Ne6 Bb5 22.Qg4 Bd7
23.Rxd6 Bxe6 24.Qh5 Nc4 25.Rd3 Bxh3 26.Qxh3 Qc6 27.Qh4 f6 28.Rad1 Nb2 29.Rd6 Nxd1
30.Rxc6 Rxc6 31.Qg4 Rd8 32.c4 Nb2 33.Bb4 Nxc4 34.Be7 Rd4 35.h4 a5 36.h5 Kf7
37.Qf5 g6  0-1

[Event "Budapest FS03 GM"]
[Site "Budapest"]
[Date "1994.??.??"]
[Round "7"]
[White "Lukacs, Peter"]
[Black "Anka, Emil"]
[Result "1/2-1/2"]
[WhiteElo "2485"]
[BlackElo "2390"]

1.d4 Nf6 2.c4 e6 3.Nf3 Bb4+ 4.Nc3 c5 5.e3 Bxc3+ 6.bxc3 d6 7.Bd3 Nc6 8.e4 e5
9.d5 Ne7 10.Nh4 h6 11.f4 Ng6 12.Nxg6 fxg6 13.O-O O-O 14.Qe1 Qe7 15.h3 Nh5
16.f5 g5 17.Rb1 b6 18.g3 Nf6 19.Rb2 Bd7 20.g4 Nh7 21.Be3 Rab8 22.Kg2 Rb7
23.Qe2 Rfb8 24.Kg3 Qf6 25.Rh1 Be8 26.Kg2 Kf8 27.Bf2 Kg8 28.h4 gxh4 29.Bxh4 Ng5
30.Qe3 a6 31.Kg3 b5 32.Rhb1 Qe7 33.Rb3 bxc4 34.Bxc4 Bb5 35.Bxg5 hxg5 36.Qe2 Bxc4
37.Qxc4 Rxb3 38.Rxb3 Rxb3 39.Qxb3 Qc7 40.Qa4 Qb8 41.Qxa6 Qb2 42.Qc4  1/2-1/2

[Event "Budapest Honved"]
[Site "Budapest"]
[Date "1994.??.??"]
[Round "10"]
[White "Bezold, Michael"]
[Black "Horvath, Csaba"]
[Result "1/2-1/2"]
[WhiteElo "2475"]
[BlackElo "2540"]

1.d4 Nf6 2.c4 e6 3.Nc3 Bb4 4.Nf3 c5 5.g3 cxd4 6.Nxd4 O-O 7.Bg2 d5 8.cxd5 Nxd5
9.Qb3 Qb6 10.Bxd5 exd5 11.Be3 Bh3 12.g4 Nc6 13.Nxc6 Qxc6 14.Rg1 Bxc3+ 15.Qxc3 Qxc3+
16.bxc3 f5 17.Rd1 Bxg4 18.Rxd5 Rae8 19.Kd2 a6 20.f3 Bh5 21.Bd4 Rf7 22.Rg5 g6
23.Rg3 Rfe7  1/2-1/2

[Event "ESP-chT"]
[Site "Cala Galdana"]
[Date "1994.??.??"]
[Round "?"]
[White "Villavicencio, Adalberto"]
[Black "Rojo Huerta, Gabriel"]
[Result "1/2-1/2"]
[WhiteElo "2360"]
[BlackElo "2370"]

1.Nf3 Nf6 2.d4 e6 3.c4 Bb4+ 4.Nc3 c5 5.g3 d5 6.Bg2 Nc6 7.O-O dxc4 8.Qa4 Bd7
9.dxc5 Qa5 10.Qxa5 Nxa5 11.Ne5 Bxc5 12.Bd2 Nc6 13.Nxc4 O-O 14.Rac1 Rac8 15.Bf4 Rfd8
16.Nd6 Bxd6 17.Bxd6 Nd4 18.Be5 Rxc3 19.Bxd4 Rxc1 20.Rxc1 b6 21.Bf3 Ne8 22.Kf1 f6
23.Be3 Kf8 24.Rd1 Ke7 25.Bd2 Nc7 26.Ke1 Ke8 27.h4 e5 28.Bb4 Na6 29.Bc3 Nc5
30.b3 Rc8 31.Bb2 a5 32.Rc1 Be6 33.Ba3 Kd7 34.Rd1+ Ke8 35.Rc1 Kd7 36.Rd1+ Ke8
37.Rc1 Kd7  1/2-1/2

[Event "Copenhagen op16"]
[Site "Copenhagen"]
[Date "1994.??.??"]
[Round "8"]
[White "Harestad, Hans Krogh"]
[Black "Jensen, Soren"]
[Result "0-1"]
[WhiteElo "1990"]
[BlackElo "1990"]

1.d4 Nf6 2.c4 e6 3.Nc3 Bb4 4.Nf3 c5 5.a3 Bxc3+ 6.bxc3 O-O 7.e3 d6 8.Bd3 Nc6
9.O-O e5 10.d5 Ne7 11.Qc2 Bg4 12.Nd2 b5 13.cxb5 Nexd5 14.c4 Ne7 15.Bb2 a6
16.f4 axb5 17.cxb5 Ned5 18.Nc4 exf4 19.e4 Ne3 20.Nxe3 fxe3 21.Rf4 Be6 22.Rxf6 gxf6
23.Rf1 c4 24.Qc3 Qe7 25.Rxf6 cxd3 26.Qe1 Rfb8 27.Qxe3 Rxb5 28.Rf2 Rxb2 29.Rxb2 Qa7  0-1

[Event "Copenhagen op16"]
[Site "Copenhagen"]
[Date "1994.??.??"]
[Round "8"]
[White "Costello, Colin"]
[Black "Hyldkrog, Lars"]
[Result "1/2-1/2"]
[WhiteElo "2160"]
[BlackElo "2090"]

1.c4 Nf6 2.Nc3 e6 3.d4 Bb4 4.Nf3 c5 5.Bg5 Qa5 6.Bxf6 Bxc3+ 7.bxc3 Qxc3+ 8.Nd2 gxf6
9.dxc5 Na6 10.g3 Nxc5 11.Bg2 Rb8 12.O-O b6 13.Nb3 Ke7 14.Nxc5 bxc5 15.Qa4 a5
16.Rad1 Rd8 17.Rc1 Qb4 18.Qc2 Qb2 19.Qa4 Qb4 20.Qc2 Qb2 21.Qa4 Qb4  1/2-1/2

[Event "CZE-chT"]
[Site "?"]
[Date "1994.??.??"]
[Round "?"]
[White "Frolik, Martin"]
[Black "Chloupek, Stanislav"]
[Result "1/2-1/2"]
[WhiteElo "2275"]
[BlackElo "2310"]

1.d4 Nf6 2.Nf3 e6 3.c4 Bb4+ 4.Nc3 c5 5.e3 O-O 6.Bd3 d5 7.O-O Nc6 8.a3 Bxc3
9.bxc3 dxc4 10.Bxc4 Qc7 11.Qe2 e5 12.dxe5 Nxe5 13.Nxe5 Qxe5 14.f3 Be6 15.Bxe6 Qxe6
16.Rb1 b6 17.c4 Nd7 18.Bb2 Ne5 19.Bxe5 Qxe5 20.Rfd1 Rad8 21.Rb3 Qe6 22.Rxd8 Rxd8
23.Rd3 Rxd3 24.Qxd3 g6 25.g4 a6 26.g5 b5 27.cxb5 axb5 28.Kf2 Qa2+ 29.Kg3 Qb2
30.Qd6 b4 31.axb4 cxb4 32.e4 Qc3 33.e5 Qe1+ 34.Kg2 Qe2+ 35.Kg3 Qe1+ 36.Kg2 h6
37.gxh6 Qe2+ 38.Kg3 Qe1+ 39.Kg2  1/2-1/2

[Event "Djakovo op"]
[Site "Djakovo"]
[Date "1994.??.??"]
[Round "1"]
[White "Hasanov, Marat"]
[Black "Cebalo, Miso"]
[Result "0-1"]
[WhiteElo "2315"]
[BlackElo "2520"]

1.d4 Nf6 2.c4 e6 3.Nc3 Bb4 4.Nf3 b6 5.Qb3 a5 6.g3 Bb7 7.Bg2 c5 8.O-O cxd4
9.Nb5 O-O 10.Nfxd4 Bxg2 11.Kxg2 Nc6 12.Be3 Qc8 13.Rac1 a4 14.Qc2 Ng4 15.Bd2 Nxd4
16.Nxd4 Qb7+ 17.Kg1 Bc5 18.Nf3 f5 19.b4 axb3 20.axb3 Qe4 21.Be1 Ra3 22.b4 Be7
23.h3 Nf6 24.Qxe4 fxe4 25.Ne5 Rc8 26.Bd2 Ra2 27.Rfd1 d6 28.Ng4 Nd7 29.Kf1 h5
30.Ne3 Ne5 31.h4 Kf7 32.Be1 g6 33.Rd2 Ra3 34.Rd4 d5 35.Rcd1 Nxc4 36.Nxc4 Rxc4
37.Rxc4 dxc4 38.Rd7 Ra1 39.e3 Ke8  0-1

[Event "MON"]
[Site "Erdenet"]
[Date "1994.??.??"]
[Round "?"]
[White "Enhbat, Tegshsuren"]
[Black "Hurelbaatar, Chultemjamc"]
[Result "0-1"]
[WhiteElo "2290"]
[BlackElo "2300"]

1.d4 Nf6 2.c4 e6 3.Nc3 Bb4 4.Nf3 c5 5.g3 d5 6.Bg2 O-O 7.cxd5 Nxd5 8.Bd2 cxd4
9.Nxd4 Nb6 10.Nc2 Be7 11.Ne3 Nc6 12.O-O Nd4 13.Rc1 Rb8 14.Ne4 e5 15.Nc5 f5
16.Ba5 Qd6 17.Bb4 Qf6 18.Nc2 Nc6 19.Qd3 e4 20.Qb3+ Kh8 21.Rfd1 Qe5 22.Na3 Nxb4
23.Qxb4 Be6 24.Qb5 Bxa2 25.f3 exf3 26.Bxf3 Rbc8 27.Nd3 Qd4+ 28.Kh1 Rxc1 29.Rxc1 Bd5
30.Nc2 Bxf3+ 31.exf3 Qd5 32.Qxd5 Nxd5 33.Nd4 Bd6 34.Nb5 Bb8 35.Nd4 g6 36.Rc5 Ne7
37.Ne6 Rf6 38.Nd8 Rb6 39.Rc2 Kg7 40.Nc5 Be5 41.b3 Nc6 42.Ndxb7 Nd4 43.Ra2 Bb8
44.Nd8 Nxf3 45.Kg2 Nd4 46.Nd7 Rxb3 47.Rd2 Nf3 48.Re2 Bd6 49.Ra2 Ba3 50.Nc6 g5
51.Nxa7 g4 52.Nc8 Rd3 53.Ncb6 Be7 54.Re2 Bg5 55.Nc5 Rd1 56.Ne6+ Kh6 57.h4 Bd2
58.Nd5 Rg1+ 59.Kf2 Be1+ 60.Ke3 Bxg3  0-1

[Event "Essen Handicap"]
[Site "Essen"]
[Date "1994.??.??"]
[Round "?"]
[White "Hoffmann, M."]
[Black "Timman, Jan H"]
[Result "1-0"]
[WhiteElo "2470"]
[BlackElo "2635"]

1.d4 Nf6 2.c4 e6 3.Nc3 Bb4 4.Nf3 c5 5.g3 cxd4 6.Nxd4 O-O 7.Bg2 d5 8.O-O dxc4
9.Nc2 Bc5 10.Ne3 Qc7 11.Nb5 Qe7 12.Nxc4 Nc6 13.Bg5 Rd8 14.Qc1 Bd7 15.Qf4 h6
16.Bxf6 Qxf6 17.Rfd1 Qe7 18.Qc7 Be8 19.Qxe7 Bxe7 20.Ncd6 a6 21.Nc7 Bxd6 22.Nxa8 Be7
23.Nc7 Bd7 24.Rac1 Kf8 25.Nxa6 Bf6 26.Nc5  1-0

[Event "EUCup Gr1"]
[Site "Eupen"]
[Date "1994.??.??"]
[Round "3"]
[White "Thorsteins, Karl"]
[Black "Hjartarson, Johann"]
[Result "0-1"]
[WhiteElo "2510"]
[BlackElo "2585"]

1.d4 Nf6 2.c4 e6 3.Nc3 Bb4 4.Nf3 b6 5.Bg5 Bb7 6.e3 h6 7.Bh4 Bxc3+ 8.bxc3 d6
9.Nd2 g5 10.Bg3 Qe7 11.h4 Rg8 12.hxg5 hxg5 13.Be2 Nc6 14.Qa4 O-O-O 15.Bf3 Qd7
16.Rh6 Na5 17.Bxb7+ Kxb7 18.Qd1 Ne8 19.Qf3+ Kb8 20.Rh7 Rg7 21.Rxg7 Nxg7 22.Qf6 Nf5
23.Qxg5 Rh8 24.Ke2 Nxc4 25.Nxc4 Qb5 26.Kd2 Qxc4 27.Qf6 Rh7 28.Bf4 Qd5 29.g4 Nh4
30.Bg3 Nf3+ 31.Ke2 Ng5 32.Kd3 Qe4+ 33.Kc4 Qc6+ 34.Kd3 Ne4 35.Qd8+ Kb7 36.c4 Nxg3
37.fxg3 Rh2  0-1

[Event "Oberliga SuedW 9394"]
[Site "GER"]
[Date "1994.??.??"]
[Round "?"]
[White "Wehbe, Ricardo"]
[Black "Laven, Ralf"]
[Result "1-0"]
[WhiteElo "2255"]
[BlackElo "2315"]

1.d4 Nf6 2.c4 e6 3.Nc3 Bb4 4.Nf3 b6 5.Bg5 Bb7 6.e3 Qc8 7.Bxf6 Bxc3+ 8.bxc3 gxf6
9.Qc2 Nc6 10.Bd3 Na5 11.Nd2 Ke7 12.e4 Qg8 13.O-O Qg6 14.f4 Rag8 15.Rf2 Qh6
16.f5 Rg4 17.fxe6 fxe6 18.d5 Rhg8 19.Nf1 Qg5 20.Re1 Ba6 21.Ne3 Rf4 22.Rxf4 Qxf4
23.c5 Bxd3 24.Qxd3 Nb7 25.e5 f5 26.d6+ cxd6 27.exd6+ Kf7 28.Nxf5 Nxc5 29.Qh3 Qxf5
30.Rf1 Qxf1+ 31.Kxf1 Rg7 32.Qf3+ Kg6 33.Qa8 Rf7+ 34.Ke2 Rf5 35.Qxa7 Re5+
36.Kf1 Nd3 37.g3 Re1+ 38.Kg2 Re2+ 39.Kf3 Rb2 40.Qa8 Ne5+ 41.Kf4 Nf7 42.Qg8+ Kf6
43.Qxh7 e5+ 44.Ke3 Nxd6 45.h4 Nf5+ 46.Kf3 d5 47.Qh8+ Ke6 48.Qg8+  1-0

[Event "Oberliga Nord O9394"]
[Site "Germany"]
[Date "1994.??.??"]
[Round "?"]
[White "Schoene, Ralf"]
[Black "Panchenko, Alexandar G"]
[Result "1/2-1/2"]
[WhiteElo "2350"]
[BlackElo "2515"]

1.d4 Nf6 2.c4 e6 3.Nc3 Bb4 4.Nf3 c5 5.g3 b6 6.Bg2 Bb7 7.O-O cxd4 8.Qxd4 Nc6
9.Qd3 O-O 10.Rd1 Rc8 11.Nb5 d5 12.cxd5 Qxd5 13.Qxd5 Nxd5 14.a3 Be7 15.e4 Nf6
16.Bg5 Ba6 17.Nfd4 Nxd4 18.Nxd4 h6 19.Bd2 Bb7 20.f3 Bc5 21.Be3 Bxe4 22.fxe4 Ng4
23.b4 Nxe3 24.bxc5 Nxd1 25.Rxd1 Rxc5 26.Ne2 Rfc8 27.Kf2 Kf8 28.Ke3 Ke7 29.h4 Rc2
30.Bf3 R8c5 31.Rd3 R2c4 32.Rb3 Rc7 33.Kd3 R4c5 34.Nc3 Rd7+ 35.Ke3 Kf6 36.Be2 Rdc7
37.Nb5 Rd7 38.Nd4 Rdc7 39.Nb5 Rd7 40.Nd4 Rdc7  1/2-1/2

[Event "Oberliga Nord O9394"]
[Site "Germany"]
[Date "1994.??.??"]
[Round "?"]
[White "Schoene, Ralf"]
[Black "Holzapfel, Daniel"]
[Result "1/2-1/2"]
[WhiteElo "2350"]
[BlackElo "2285"]

1.d4 Nf6 2.c4 e6 3.Nc3 Bb4 4.Nf3 c5 5.g3 b6 6.Bg2 Bb7 7.O-O O-O 8.a3 Bxc3
9.bxc3 cxd4 10.cxd4 d5 11.cxd5 Bxd5 12.Ne5 Bxg2 13.Kxg2 Nc6 14.Nxc6 Qd5+
15.f3 Qxc6 16.Bg5 Nd7 17.Be3 Rfd8 18.Rc1 Qb7 19.Bf2 Rac8 20.Qa4 h6 21.Rfd1 Nb8
22.Qb3 Nc6 23.g4 Ne7 24.Qb2 Nd5 25.e3 Qa6 26.Rxc8  1/2-1/2

[Event "BL2-W9394"]
[Site "Germany"]
[Date "1994.??.??"]
[Round "?"]
[White "Legde, Georg"]
[Black "Kveinys, Aloyzas"]
[Result "0-1"]
[WhiteElo "2265"]
[BlackElo "2520"]

1.d4 Nf6 2.c4 e6 3.Nc3 Bb4 4.Nf3 b6 5.g3 Bb7 6.Bg2 O-O 7.O-O Bxc3 8.bxc3 d6
9.Ne1 Qc8 10.Qd3 c5 11.Bf4 d5 12.cxd5 Nxd5 13.Bd2 Ba6 14.Qf3 cxd4 15.cxd4 Qc4
16.e3 Qe2 17.Qxe2 Bxe2 18.Rc1 Nd7 19.e4 N5f6 20.e5 Nd5 21.Bxd5 exd5 22.Rc7 Rfd8
23.Ng2 Bxf1 24.Kxf1 Nf8 25.Be3 a5 26.Rc6 b5 27.Nf4 b4 28.Rb6 Ne6 29.Nd3 Rdb8  0-1

[Event "BL2-W9394"]
[Site "Germany"]
[Date "1994.??.??"]
[Round "?"]
[White "Legde, Georg"]
[Black "Unzicker, Wolfgang"]
[Result "1/2-1/2"]
[WhiteElo "2265"]
[BlackElo "2440"]

1.d4 Nf6 2.c4 e6 3.Nc3 Bb4 4.Nf3 Ne4 5.Qc2 f5 6.g3 O-O 7.Bg2 Nc6 8.Bd2 Nxd2
9.Qxd2 d6 10.a3 Bxc3 11.Qxc3 Qf6 12.O-O e5 13.Rad1 e4 14.Ne1 Bd7 15.Nc2 Rae8
16.f3 exf3 17.Bxf3 b6 18.b4 Kh8 19.b5 Ne7 20.Nb4  1/2-1/2

[Event "Goch op"]
[Site "Goch"]
[Date "1994.??.??"]
[Round "1"]
[White "Bartzen, H."]
[Black "Schlingensiepen, Christian"]
[Result "0-1"]
[WhiteElo "1770"]
[BlackElo "2320"]

1.d4 Nf6 2.c4 e6 3.Nf3 Bb4+ 4.Nc3 c5 5.e3 O-O 6.Bd3 Bxc3+ 7.bxc3 d6 8.O-O Nc6
9.h3 e5 10.d5 Ne7 11.e4 Ne8 12.Qc2 Ng6 13.Re1 h6 14.Kh2 Qf6 15.Qe2 Nf4 16.Bxf4 Qxf4+
17.g3 Qf6 18.Nh4 g6 19.Qe3 Ng7 20.Rf1 g5 21.Ng2 Bd7 22.f4 Qe7 23.f5 Ne8 24.g4 Nf6
25.Be2 Kh7 26.Rh1 Ba4 27.Kg1 Kg7 28.h4 Nd7 29.h5 Nf6 30.Kf2 Rfb8 31.Kg3 a6
32.Rhc1 b5 33.a3 Bb3 34.cxb5 axb5 35.c4 bxc4 36.Bxc4 Ba4 37.Ne1 Rb6 38.Qd3 Rab8
39.Rab1 Qb7 40.Rxb6 Qxb6 41.Nf3 Qb2  0-1

[Event "Goch op"]
[Site "Goch"]
[Date "1994.??.??"]
[Round "6"]
[White "Barsov, Alexei"]
[Black "Schlingensiepen, Christian"]
[Result "1-0"]
[WhiteElo "2425"]
[BlackElo "2320"]

1.d4 Nf6 2.c4 e6 3.Nc3 Bb4 4.Nf3 c5 5.g3 cxd4 6.Nxd4 Ne4 7.Qd3 Qa5 8.Nb3 Nxc3
9.Bd2 Ne4 10.Qxe4 Bxd2+ 11.Nxd2 O-O 12.Bg2 Nc6 13.Qe3 d5 14.O-O d4 15.Qd3 Rd8
16.a3 Qc7 17.b4 h6 18.f4 Ne7 19.g4 Ng6 20.Qg3 e5 21.fxe5 Qxe5 22.Qxe5 Nxe5
23.h3 h5 24.gxh5 a5 25.b5 Be6 26.Rac1 d3 27.e3 Rd7 28.c5 Rc8 29.Rc3 Bd5 30.a4 Kf8
31.Rf5 f6 32.h6 gxh6 33.Rxf6+ Ke7 34.Rxh6 Rg8 35.e4 Bxe4 36.Nxe4 d2 37.Rh7+ Nf7
38.Nf2  1-0

[Event "EU-ch U18"]
[Site "Hania"]
[Date "1994.??.??"]
[Round "5"]
[White "Hedman, Erik"]
[Black "Tzoumbas, Anastasios"]
[Result "1-0"]
[WhiteElo "2275"]
[BlackElo "2415"]

1.d4 Nf6 2.c4 e6 3.Nc3 Bb4 4.Nf3 O-O 5.Bg5 d5 6.e3 Nbd7 7.cxd5 exd5 8.Bd3 c6
9.O-O Re8 10.Qc2 h6 11.Bh4 Bd6 12.Rab1 Qe7 13.e4 dxe4 14.Nxe4 Bb4 15.Ng3 Qf8
16.a3 Bd6 17.Nf5 Bf4 18.Rbe1 Rd8 19.Ne7+ Kh8 20.Ne5 Nxe5 21.dxe5 Nd5 22.Nxc8 Rdxc8
23.g3 g5 24.Bf5 gxh4 25.gxf4 Nxf4 26.Qe4 Ne6 27.Qxh4 Rd8 28.Re4 Ng5 29.Re3 Qg7
30.Kh1 Rg8 31.Rg3 Qf8 32.f4 Nh7 33.Rxg8+ Kxg8 34.Rg1+ Kh8 35.Qg4 Qg8 36.Qh3 Qd8
37.Be4 f5 38.Qxh6 Qf8 39.Qxf8+ Rxf8 40.Bc2 c5 41.Kg2 c4 42.Kf3 Rf7 43.Ke3  1-0

[Event "EU-ch U18"]
[Site "Hania"]
[Date "1994.??.??"]
[Round "6"]
[White "Hedman, Erik"]
[Black "Mastrovasilis, Athanasios"]
[Result "1/2-1/2"]
[WhiteElo "2275"]
[BlackElo "2195"]

1.d4 Nf6 2.c4 e6 3.Nc3 Bb4 4.Nf3 b6 5.Bg5 Bb7 6.e3 h6 7.Bh4 g5 8.Bg3 Ne4
9.Qc2 Bxc3+ 10.bxc3 Nxg3 11.hxg3 Nc6 12.Rh5 Qf6 13.g4 O-O-O 14.Nd2 Qg6 15.O-O-O Qxc2+
16.Kxc2 Ne7 17.g3 Ng8 18.Be2 f5 19.gxf5 exf5 20.Rh2 Nf6 21.f3 Rde8 22.Kd3 h5
23.Re1 Rh7 24.Bd1 Rhe7 25.Rhe2 g4 26.Rf2 f4 27.gxf4 g3 28.Rg2 h4 29.Rh1 Rxe3+
30.Kc2 Rh8 31.Rxg3 hxg3 32.Rxh8+ Re8 33.Rh1 Rg8 34.Kd3 Ng4 35.Rg1 Nf2+ 36.Ke3 Re8+
37.Ne4 Nxe4 38.fxe4 Rxe4+ 39.Kd2 Rxf4 40.Rxg3 c5 41.dxc5 bxc5 42.Rg5 Rf2+
43.Be2 d6 44.Rg8+ Kc7 45.Rg7+ Kb6 46.Rg6  1/2-1/2

[Event "HUN-chT2 9394"]
[Site "?"]
[Date "1994.??.??"]
[Round "?"]
[White "Botos, Ferenc"]
[Black "Kiss, Attila"]
[Result "0-1"]
[WhiteElo "2175"]
[BlackElo "2340"]

1.d4 Nf6 2.c4 e6 3.Nc3 Bb4 4.Nf3 c5 5.e3 Nc6 6.Bd2 cxd4 7.exd4 d5 8.a3 Bxc3
9.bxc3 O-O 10.Be2 dxc4 11.Bxc4 Qc7 12.Be2 b6 13.O-O Bb7 14.Rc1 Qd6 15.a4 Rac8
16.Re1 Ne4 17.Bd3 Nxd2 18.Qxd2 Rfd8 19.Qg5 Qe7 20.Qh5 g6 21.Qh6 Rd5 22.g4 Qf6
23.Be4 Rd7 24.Rcd1 Ne7 25.Bxb7 Rxb7 26.Ng5 Qg7 27.Qh3 Rbc7 28.Ne4 h6 29.Rd3 Nd5
30.Qg3 g5 31.Nd6 Rd8 32.Nb5 Rcd7 33.Re5 Nf4 34.Rde3 Qf6 35.Na3 Rc8 36.a5 bxa5
37.Rxa5 Rxd4 38.Qf3 Qd8 39.h4 Rd1+ 40.Kh2 Qxa5  0-1

[Event "HUN-chT2 9394"]
[Site "?"]
[Date "1994.??.??"]
[Round "?"]
[White "Vargyas, Zoltan"]
[Black "Kovacs, G."]
[Result "1/2-1/2"]
[WhiteElo "2275"]
[BlackElo "2190"]

1.d4 Nf6 2.c4 e6 3.Nc3 Bb4 4.Nf3 c5 5.g3 Nc6 6.Bg2 Ne4 7.d5 Nxc3 8.bxc3 Bxc3+
9.Bd2 Bxd2+ 10.Qxd2 Qf6 11.O-O Nd8 12.Rad1 O-O 13.Ng5 d6 14.Ne4 Qe7 15.dxe6 Nxe6
16.Qxd6 Qxd6 17.Nxd6 Rb8 18.Nxc8 Rfxc8 19.Rd7 Rd8 20.Rxb7 Rxb7 21.Bxb7 Rd2
22.Rb1 Rxe2 23.Bf3 Rxa2 24.Rb8+ Nf8 25.Rc8 g6 26.Bd5 Ra6 27.Rxc5 Ne6 28.Rc8+ Kg7
29.Kg2 Kf6 30.Re8 Nc7 31.Rd8 Nxd5 32.Rxd5 Rc6 33.Ra5  1/2-1/2

[Event "Hyvinkaeae We HyvSK"]
[Site "Hyvinkaeae"]
[Date "1994.??.??"]
[Round "?"]
[White "Lokotar, Erkki"]
[Black "Hermlin, Aarne"]
[Result "1-0"]
[WhiteElo "2330"]
[BlackElo "2365"]

1.d4 e6 2.c4 Nf6 3.Nc3 Bb4 4.Nf3 c5 5.g3 Ne4 6.Qd3 Qa5 7.Qxe4 Bxc3+ 8.Bd2 Bxd2+
9.Nxd2 Nc6 10.dxc5 b6 11.Bg2 bxc5 12.Qd3 Bb7 13.O-O Nb4 14.Qc3 Bxg2 15.Qxg7 O-O-O
16.Kxg2 Nc2 17.Rad1 f5 18.Nb3 Qxa2 19.Qc3 Nd4 20.Nxc5 Nxe2 21.Qb4  1-0

[Event "IRL-ch"]
[Site "?"]
[Date "1994.??.??"]
[Round "5"]
[White "Orr, Mark J L"]
[Black "Joyce, John"]
[Result "1/2-1/2"]
[WhiteElo "2370"]
[BlackElo "2185"]

1.d4 Nf6 2.c4 e6 3.Nf3 Bb4+ 4.Nc3 c5 5.e3 b6 6.Bd3 Bb7 7.O-O O-O 8.a3 Bxc3
9.bxc3 Ne4 10.Nd2 f5 11.f3 Nxd2 12.Bxd2 d6 13.Qc2 Nd7 14.e4 Qf6 15.d5 Ne5
16.Be2 f4 17.a4 a5 18.Rab1 Nd7 19.dxe6 Qxe6 20.Rfd1 Ba6 21.Be1 Rab8 22.Rd5 Ne5
23.Rbd1 Nf7 24.g3 Bb7 25.gxf4 Bxd5 26.cxd5 Qh6 27.Bg3 g5 28.f5 Qf6 29.Qd2 Rfe8
30.Bb5 Re7 31.Kh1 Kh8 32.Be2 Ne5 33.Rb1 Ree8 34.c4 Re7 35.Rb3 Reb7 36.Qb2 Kg7
37.Be1 h6 38.Bc3 Kf7 39.Qc1 Kg7 40.Bd2 Kh7 41.Kg2 Nf7 42.Bc3 Ne5 43.Kf1 Kg7
44.Ke1 Kf7 45.Kd2 Ke7 46.Qb1 Qg7 47.Kc2 Kd8 48.Kb2 Kc7 49.Ka3 Qf6 50.Ba1 Rh8
51.Rc3 Rhb8 52.Rc1 Qe7 53.Rg1 Re8 54.Kb3 Rbb8 55.Bc3 Rg8 56.Rg3 Rg7 57.Qf1 Rf8
58.Qg2 Rfg8 59.Rh3 Rh8 60.Rg3  1/2-1/2

[Event "ISL-chT"]
[Site "?"]
[Date "1994.??.??"]
[Round "?"]
[White "Olafsson, Helgi"]
[Black "Petursson, Margeir"]
[Result "0-1"]
[WhiteElo "2535"]
[BlackElo "2550"]

1.d4 Nf6 2.c4 e6 3.Nc3 Bb4 4.Nf3 b6 5.Bg5 h6 6.Bh4 Bb7 7.Nd2 c5 8.a3 Bxc3
9.bxc3 d6 10.f3 Nc6 11.e3 Qe7 12.Bd3 e5 13.d5 Na5 14.Qa4+ Kd8 15.O-O-O g5
16.Bf2 Bc8 17.Qc2 Bd7 18.Bf5 Kc7 19.h4 Rag8 20.g4 Ne8 21.Bh7 Rf8 22.Bd3 Nf6
23.Rh2 Qe8 24.Rdh1 Ba4 25.Qb1 Rhg8 26.Bg3 Qe7 27.Bf5 Rb8 28.hxg5 hxg5 29.Bc2 b5
30.Bxa4 bxa4 31.Qf5 Nb3+ 32.Kc2 Nxd2 33.Kxd2 Rb3 34.Kd3 e4+ 35.fxe4 Nxe4
36.Qxe4 Rxc3+ 37.Kxc3 Qxe4 38.Rf1 f5  0-1

[Event "Kassel op"]
[Site "Kassel"]
[Date "1994.??.??"]
[Round "4"]
[White "Panchenko, Alexandar G"]
[Black "Buchenau, Frank"]
[Result "1-0"]
[WhiteElo "2485"]
[BlackElo "2250"]

1.d4 e6 2.c4 Nf6 3.Nc3 Bb4 4.Nf3 c5 5.g3 Ne4 6.Bd2 Bxc3 7.bxc3 b6 8.Bg2 Bb7
9.O-O Nxd2 10.Qxd2 d6 11.Rad1 Qe7 12.d5 e5 13.Nh4 g6 14.e4 O-O 15.Bh3 Bc8
16.Bxc8 Rxc8 17.Rde1 Nd7 18.Ng2 Kg7 19.f4 f6 20.h4 Rf8 21.Ne3 Kh8 22.f5 Rg8
23.fxg6 hxg6 24.Kg2 Qg7 25.Rh1 Qh6 26.Ref1 Rae8 27.Rf3 Re7 28.Qf2 Rf7 29.Rf1 Qg7
30.Rh1 Qf8 31.Ng4 Qg7 32.Qd2 Kh7 33.Qf2 Rgf8 34.Ne3 Rg8 35.Kg1 Qf8 36.Rh2 Kh8
37.Qf1 Qd8 38.Qh3 Qe7 39.h5 g5 40.Qe6 Re8 41.Qxe7 Rfxe7 42.Nf5 Rh7 43.Nxd6 Ra8
44.Rf1 Kg8 45.Kg2 Kf8 46.Kf3 Ke7 47.Nf5+ Kf7 48.Kg4 Rhh8 49.Ne3 Rh7 50.a4 a5
51.Rb1 Rhh8 52.Kf5 Rac8 53.Rb5 Rc7 54.Ng4 Rcc8 55.h6 Rh7 56.Rhb2 Rb8 57.Rb1 Rhh8
58.R1b2 Rh7 59.Nxf6 Nxf6 60.Rxb6 Rxb6 61.Rxb6 Nd7 62.Rg6 g4 63.Kg5 Rh8 64.Rg7+ Ke8
65.h7 Nf8 66.Kh6 Kd8 67.Ra7 Ke8 68.d6 Kd8 69.Re7 Nxh7 70.Kg7 Rf8 71.Kxh7 Rf3
72.Kg7 Rxg3 73.Kf6 Rxc3 74.Rg7 Rh3 75.Kxe5 g3 76.Kd5  1-0

[Event "JUG-ch sf"]
[Site "Kladovo"]
[Date "1994.??.??"]
[Round "?"]
[White "Scekic, Milos"]
[Black "Nikolic, Boban"]
[Result "1-0"]
[WhiteElo "2265"]
[BlackElo "2330"]

1.d4 Nf6 2.c4 e6 3.Nf3 Bb4+ 4.Nc3 O-O 5.Bg5 h6 6.Bxf6 Qxf6 7.e3 c5 8.a3 Bxc3+
9.bxc3 Nc6 10.Be2 d6 11.O-O e5 12.d5 Ne7 13.Nd2 Ng6 14.Kh1 Qe7 15.f4 f5 16.Bd3 exf4
17.exf4 Qf6 18.Qc2 Bd7 19.Rf2 Rae8 20.Nf1 Re7 21.Ng3 Re3 22.Nf1 Re7 23.Ng3 Re3
24.Raf1 Rfe8 25.Bxf5 Rxc3 26.Qb2 Bxf5 27.Nxf5 Rd8 28.Nxh6+ Kh7 29.Nf7 Rd7
30.Ne5 dxe5 31.Qxc3 exf4  1-0

[Event "Leon"]
[Site "Leon"]
[Date "1994.??.??"]
[Round "9"]
[White "Ubilava, Elizbar"]
[Black "Gomez Esteban, Juan Mario"]
[Result "1/2-1/2"]
[WhiteElo "2535"]
[BlackElo "2485"]

1.d4 Nf6 2.c4 e6 3.Nc3 Bb4 4.Nf3 b6 5.Qb3 c5 6.Bf4 Nc6 7.O-O-O O-O 8.d5 Na5
9.Qc2 Bxc3 10.Qxc3 Ne4 11.Qe3 exd5 12.cxd5 Re8 13.Nd2 Nxd2 14.Qxd2 Ba6 15.h4 Qf6
16.e3 Bxf1 17.Rhxf1 Re4 18.f3 Nc4 19.Qe2 Qxf4 20.fxe4 Qxe3+ 21.Rd2 Qxd2+
22.Qxd2 Nxd2 23.Kxd2 Re8 24.Ke3 d6 25.Kf4 h5 26.Rf3 f6 27.Ra3 Re7 28.Ra6 Kf7
29.a4 Kg6 30.a5 Rb7 31.g3 c4 32.axb6 Rxb6 33.Ra4 Rxb2 34.Rxc4 a5 35.Rc6 a4
36.Rxd6 a3 37.Ra6 a2 38.Ra7 Re2 39.Kf3 Rb2 40.Ke3 Rg2 41.d6 Rxg3+ 42.Kd4 Rg2
43.Kd5 Rd2+ 44.Kc6 Rc2+ 45.Kd5 Rd2+ 46.Kc6 Rc2+  1/2-1/2

[Event "Lippstadt"]
[Site "Lippstadt"]
[Date "1994.??.??"]
[Round "4"]
[White "Gostisa, Leon"]
[Black "Boensch, Uwe"]
[Result "0-1"]
[WhiteElo "2410"]
[BlackElo "2535"]

1.d4 Nf6 2.c4 e6 3.Nc3 Bb4 4.Nf3 O-O 5.Bg5 d6 6.e3 Nbd7 7.Rc1 c5 8.Be2 b6
9.O-O Bxc3 10.Rxc3 Qc7 11.Rc1 Bb7 12.Qc2 Ne4 13.Bh4 f5 14.d5 Rae8 15.Rcd1 Ndf6
16.Ng5 Nxg5 17.Bxg5 Ne4 18.Bh4 exd5 19.cxd5 g5 20.f3 gxh4 21.fxe4 Rxe4 22.Bd3 Bxd5
23.Rxf5 Rxf5 24.Bxe4 Bxe4 25.Qxe4 Rf6 26.Qxh4 Qe7 27.Qg4+ Kh8 28.Rd3 Qf7
29.h3 Qxa2 30.Qc8+ Qg8 31.Qc7 Qg6 32.Qb8+ Kg7 33.Qxa7+ Kh6 34.Qe7 Rf1+ 35.Kxf1 Qxd3+
36.Kg1 Qb1+ 37.Kh2 Qxb2 38.Qxd6+ Kg7 39.Qe7+ Kg6 40.Qe4+ Kf6 41.Qh4+ Ke6
42.Qxh7 Qe5+ 43.Kh1 b5 44.Qg6+ Kd5 45.h4 c4 46.h5 b4 47.h6 b3 48.Qf7+ Kc5
49.Qg7 Qxg7 50.hxg7 b2 51.g8=Q b1=Q+ 52.Kh2 Qe4 53.Qg7 Qh4+ 54.Kg1 Qe1+ 55.Kh2 c3
56.Qd4+ Kb5 57.e4 Qd2 58.Qe5+ Ka4 59.Qe8+ Ka3 60.Qf8+ Kb2 61.Qf6 Qe3 62.g4 Kb1
63.Qf1+ Kb2 64.Qb5+ Kc1 65.Qb3 Kd2 66.Qb4 Ke2 67.Qb3 Kf3  0-1

[Event "Lloyds Bank op"]
[Site "London"]
[Date "1994.??.??"]
[Round "4"]
[White "Harakis, Alexis"]
[Black "McDonald Ross, Michael"]
[Result "1/2-1/2"]
[WhiteElo "2210"]
[BlackElo "2195"]

1.d4 Nf6 2.c4 e6 3.Nc3 Bb4 4.Nf3 b6 5.Qb3 c5 6.Bg5 Nc6 7.e3 Ba6 8.a3 Na5
9.Qc2 Bxc3+ 10.Qxc3 Ne4 11.Bxd8 Nxc3 12.bxc3 Rxd8 13.Nd2 d6 14.d5  1/2-1/2

[Event "Makarska"]
[Site "Makarska"]
[Date "1994.??.??"]
[Round "?"]
[White "Ivanda, Branko"]
[Black "Dizdar, Goran"]
[Result "0-1"]
[WhiteElo "2320"]
[BlackElo "2465"]

1.d4 Nf6 2.c4 e6 3.Nc3 Bb4 4.Nf3 d5 5.Bg5 h6 6.Bxf6 Qxf6 7.Qa4+ Nc6 8.e3 O-O
9.Nd2 Rd8 10.a3 Bxc3 11.bxc3 Qg6 12.f4 Bd7 13.Qd1 Na5 14.Qb1 Qxb1+ 15.Rxb1 Rac8
16.c5 b6 17.Ba6 Rb8 18.Ke2 Kf8 19.Kf3 Ke7 20.g4 bxc5 21.dxc5 Bc6 22.Rhc1 Rxb1
23.Rxb1 d4+ 24.Ke2 dxc3 25.Nf3 c2 26.Rc1 Bxf3+  0-1

[Event "Mar del Plata op"]
[Site "Mar del Plata"]
[Date "1994.??.??"]
[Round "7"]
[White "Mellano, Santiago"]
[Black "Cristobal, Ruben"]
[Result "0-1"]
[WhiteElo "2300"]
[BlackElo "2250"]

1.d4 Nf6 2.c4 e6 3.Nf3 Bb4+ 4.Nc3 O-O 5.Bg5 h6 6.Bh4 d6 7.Qc2 Nbd7 8.e3 b6
9.Bd3 Bb7 10.O-O Bxc3 11.bxc3 Qe7 12.Nd2 e5 13.Bf5 g5 14.Bg3 Nh5 15.Rae1 Ndf6
16.f3 Nxg3 17.hxg3 Rae8 18.g4 Kg7 19.e4 Rh8 20.Qd3 a5 21.Kf2 Ba6 22.Rh1 Reg8
23.Rh2 Qe8 24.Qc2 h5 25.gxh5 Rxh5 26.Rxh5 Nxh5 27.c5 Nf4 28.Re3 bxc5 29.dxc5 Qb5
30.cxd6 cxd6 31.c4 Qb6 32.c5 dxc5 33.Qc3 Qd6 34.Nb3 c4 35.Nxa5 Qd4 36.Kf1 Rb8
37.Nc6 Rb1+ 38.Kf2 Nd3+ 39.Qxd3 cxd3 40.Nxd4 d2  0-1